000 00383nam a2200181Ia 4500
001 003799
003 YMCAF
005 20230512160234.0
008 100717s1971 ||||||||||||||||| ||und|d
024 _a3799
035 _a3803
040 _aYMCAF
_beng
_cIN-KoLT
041 _aeng
100 _aKapoor
245 0 _aIntroduction to cpm and pert
260 _c1971
942 _2ddc
_cBK
999 _c3007
_d3007